Samagra kreedangana: Bhaga 2 theory. (Record no. 96049)
[ view plain ]
| 000 -LEADER | |
|---|---|
| fixed length control field | 00607nam a2200193Ia 4500 |
| 003 - CONTROL NUMBER IDENTIFIER | |
| control field | OSt |
| 005 - DATE AND TIME OF LATEST TRANSACTION | |
| control field | 20250704125200.0 |
| 008 - FIXED-LENGTH DATA ELEMENTS--GENERAL INFORMATION | |
| fixed length control field | 210210b1991 xxu||||| |||| 00| 0 eng d |
| 040 ## - CATALOGING SOURCE | |
| Transcribing agency | AL |
| 041 ## - LANGUAGE CODE | |
| Language code of text/sound track or separate title | Kannada |
| 082 ## - DEWEY DECIMAL CLASSIFICATION NUMBER | |
| Classification number | 375.6137K ARAS |
| 100 ## - MAIN ENTRY--PERSONAL NAME | |
| Personal name | ARALIMATTY (S M). |
| 9 (RLIN) | 151380 |
| Dates associated with a name | ಅರಳಿಮಟ್ಟಿ (ಎಸ್ ಎಂ) |
| 245 ## - TITLE STATEMENT | |
| Title | Samagra kreedangana: Bhaga 2 theory. |
| Remainder of title | ಸಮಗ್ರ ಕ್ರೀಡಾಂಗಣ : ಭಾಗ ೨, ಥಿಯರಿ |
| 260 ## - PUBLICATION, DISTRIBUTION, ETC. | |
| Place of publication, distribution, etc. | Belagavi |
| Name of publisher, distributor, etc. | Udaya prakasana |
| Date of publication, distribution, etc. | 1991 |
| 300 ## - PHYSICAL DESCRIPTION | |
| Extent | 61 |
| 690 ## - LOCAL SUBJECT ADDED ENTRY--TOPICAL TERM (OCLC, RLIN) | |
| Topical term or geographic name as entry element | Physical Education |
| 9 (RLIN) | 151381 |
| 906 ## - LOCAL DATA ELEMENT F, LDF (RLIN) | |
| a | 047179 |
| 942 ## - ADDED ENTRY ELEMENTS (KOHA) | |
| Source of classification or shelving scheme | Dewey Decimal Classification |
| Koha item type | Book |
| Withdrawn status | Lost status | Source of classification or shelving scheme | Damaged status | Not for loan | Collection code | Home library | Current library | Shelving location | Date acquired | Source of acquisition | Cost, normal purchase price | Total Checkouts | Full call number | Barcode | Date last seen | Price effective from | Koha item type |
|---|---|---|---|---|---|---|---|---|---|---|---|---|---|---|---|---|---|
| Dewey Decimal Classification | Games & Sports | St Aloysius Library | St Aloysius Library | 02/17/2021 | Geetha book house, Mysore | 60.00 | 375.6137K ARAS | 047179 | 02/17/2021 | 02/17/2021 | Book | ||||||
| Dewey Decimal Classification | Games & Sports | St Aloysius Library | St Aloysius Library | 02/17/2021 | Geetha book house, Mysore | 60.00 | 375.6137K ARAS | 047180 | 02/17/2021 | 02/17/2021 | Book |